[Event "www.ChessWorld.net server game"]
[Site "www.ChessWorld.net "]
[Date "2007.12.31"]
[Round "NA"]
[White "joselito"]
[Black "pape reyes"]
[Result "1-0"]
[Termination "Black king mated"]
[WhiteElo "1498"]
[BlackElo "1445"]
[Mode "ICS"]
[DateLastMove "2008.1.5"]
[Board "4463575"]

1.e4 e5 2.Nf3 d6 3.Bc4 h6 4.O-O Bg4 5.d4 Qf6 6.dxe5 dxe5 7.Qd5 c6 8.Qd3 Ne7 9.Rd1 Bd7 10.Nc3 b5 11.Bb3 Bg4 12.Bd2 Nd7 13.Nxb5 Bxf3 14.Ba5 Nc5 15.Nc7+ {Black king mated} 1-0

[Event "www.ChessWorld.net server game"]
[Site "www.ChessWorld.net "]
[Date "2008.1.6"]
[Round "NA"]
[White "joselito"]
[Black "midget88"]
[Result "1-0"]
[Termination "Black king mated"]
[WhiteElo "1533"]
[BlackElo "1421"]
[Mode "ICS"]
[DateLastMove "2008.1.14"]
[Board "4486974"]

1.e4 e5 2.Bc4 f6 3.d4 a6 4.dxe5 fxe5 5.Qd5 Qe7 6.Bg5 Nf6 7.Bxf6 gxf6 8.Nf3 c6 9.Qd1 Qb4+ 10.Nbd2 Qxb2 11.O-O Bh6 12.Bb3 Bxd2 13.Qxd2 Qa3 14.Qh6 Qe7 15.Qh5+ Kd8 16.Rad1 b5 17.Qh3 Qc5 18.Rd3 a5 19.Be6 Qxc2 20.Rd2 Qxe4 21.Bf5 Qa4 22.Rfd1 d5 23.Bxc8 Na6 24.Qd7+ {Black king mated} 1-0

[Event "www.ChessWorld.net server game"]
[Site "www.ChessWorld.net "]
[Date "2007.5.4"]
[Round "NA"]
[White "King Bradford II"]
[Black "joselito"]
[Result "0-1"]
[Termination "White king mated"]
[WhiteElo "1365"]
[BlackElo "1237"]
[Mode "ICS"]
[DateLastMove "2007.6.2"]
[Board "3677360"]

1.e4 e5 2.f4 d6 3.Nf3 Bg4 4.Be2 Bxf3 5.Bxf3 exf4 6.d4 Nc6 7.O-O Nf6 8.Bxf4 Be7 9.Nc3 O-O 10.d5 Ne5 11.Ne2 Nxf3+ 12.Rxf3 Nxe4 13.Nd4 Bg5 14.Bxg5 Nxg5 15.Rf1 Qe7 16.Nf5 Qf6 17.c4 Qxb2 18.Qg4 Qf6 19.Nh4 Qe5 20.Nf5 Rae8 21.Qxg5 a5 22.Rae1 Qf6 23.Qxf6 gxf6 24.Nh6+ Kg7 25.Ng4 Kg6 26.Nxf6 Rxe1 27.Nd7 Rfe8 28.g4 R1e2 29.Rf6+ Kg5 30.Rxf7 Rxa2 31.Rg7+ Kh6 32.Rxh7+ Kg6 33.Rf7 Re1+ 34.Rf1 Ree2 35.Nf8+ Kh6 36.Ne6 Rg2+ 37.Kh1 Rxh2+ 38.Kg1 Rag2+ {White king mated} 0-1

[Event "www.ChessWorld.net server game"]
[Site "www.ChessWorld.net "]
[Date "2007.5.5"]
[Round "NA"]
[White "Shadow Fox"]
[Black "joselito"]
[Result "0-1"]
[Termination "White resigned"]
[WhiteElo "821"]
[BlackElo "1175"]
[Mode "ICS"]
[DateLastMove "2007.5.14"]
[Board "3679914"]

1.e4 e5 2.g3 Nf6 3.Bh3 Nxe4 4.Qf3 Nf6 5.Ne2 Bc5 6.O-O O-O 7.Nec3 d6 8.Bxc8 Qxc8 9.Re1 Nc6 10.d3 Nd4 11.Qd1 Qh3 12.Re3 Ng4 13.Qxg4 Qxg4 14.Nd5 Nf3+ 15.Kg2 Bxe3 16.Nxe3 Qh5 17.b3 Nxh2 18.Nc3 Qf3+ 19.Kxh2 Qxf2+ 20.Ng2 Rfe8 21.Kh3 Re6 {White resigned} 0-1

[Event "www.ChessWorld.net server game"]
[Site "www.ChessWorld.net "]
[Date "2007.5.5"]
[Round "NA"]
[White "knight shade"]
[Black "joselito"]
[Result "0-1"]
[Termination "White king mated"]
[WhiteElo "1062"]
[BlackElo "832"]
[Mode "ICS"]
[DateLastMove "2007.5.12"]
[Board "3680064"]

1.e4 e5 2.d3 Bc5 3.c4 Nf6 4.Nf3 Nc6 5.Nc3 Nd4 6.Nxe5 Qe7 7.Bf4 O-O 8.Nb5 Bb4+ 9.Nc3 Bxc3+ 10.bxc3 Ne6 11.d4 Nxf4 12.c5 Nxe4 13.Qf3 Nxg2+ 14.Qxg2 Nxc3 15.Rg1 g6 16.Rc1 Nxa2 17.Rc4 d6 18.cxd6 cxd6 19.Rc7 Qxc7 20.Ng4 Qc2 21.Nh6+ Kh8 22.Qg5 Re8+ 23.Be2 Qxe2+ {White king mated} 0-1

[Event "www.ChessWorld.net server game"]
[Site "www.ChessWorld.net "]
[Date "2007.5.5"]
[Round "NA"]
[White "curmit"]
[Black "joselito"]
[Result "0-1"]
[Termination "White king mated"]
[WhiteElo "1480"]
[BlackElo "1175"]
[Mode "ICS"]
[DateLastMove "2007.5.17"]
[Board "3680699"]

1.b3 e5 2.g3 Bc5 3.e3 Nf6 4.Bg2 O-O 5.Bb2 Nc6 6.Ne2 Ng4 7.O-O Qf6 8.h3 Nh6 9.d3 d6 10.Na3 Qd8 11.Nc3 Nb4 12.Ncb5 c6 13.Nc3 Nf5 14.Ne4 d5 15.Nd2 d4 16.e4 Nh6 17.Qh5 Be7 18.Qxe5 Bf6 19.Qf4 Be6 20.f3 Bg5 21.Qe5 Qe7 22.Rad1 Nxa2 23.Qxd4 Bf6 24.Qe3 Bxb2 25.Nac4 Nc3 26.Rb1 Bxc4 27.Rxb2 Nd5 28.Qd4 Ba6 29.exd5 Qe2 30.Ne4 Nf5 31.Qf2 Qxf2+ 32.Rxf2 Ne3 33.c4 Nd1 34.Rb1 Nxf2 35.Nxf2 cxd5 36.c5 g6 37.f4 d4 38.b4 Bb5 39.g4 Bc6 40.Bf1 Bb5 41.Ne4 f5 42.Nd6 Bc6 43.b5 Bd5 44.gxf5 Rab8 45.Rb4 gxf5 46.Rxd4 Bb3 47.h4 a6 48.b6 Kg7 49.Rb4 Kf6 50.Rxb3 Ke6 51.d4 Rg8+ 52.Kf2 Kd5 53.Nxf5 Ke4 54.Ne7 Rg4 55.d5 Rxf4+ 56.Kg1 Rxh4 57.Rb4+ Kf3 58.Rxh4 Kg3 59.Nf5+ Kf3 60.d6 Rg8+ 61.Bg2+ Rxg2+ 62.Kh1 Rf2 63.Nd4+ Kg3 64.Rxh7 Rf1+ {White king mated} 0-1

[Event "www.ChessWorld.net server game"]
[Site "www.ChessWorld.net "]
[Date "2007.5.7"]
[Round "NA"]
[White "fuzzbobs"]
[Black "joselito"]
[Result "0-1"]
[Termination "White resigned"]
[WhiteElo "1178"]
[BlackElo "1288"]
[Mode "ICS"]
[DateLastMove "2007.5.28"]
[Board "3685314"]

1.e4 e5 2.Qh5 Qe7 3.b3 Nf6 4.Qf3 b6 5.g4 d5 6.exd5 e4 7.Qf4 Bxg4 8.h3 Bh5 9.Bb5+ Nbd7 10.Ba3 Qd8 11.Nc3 Bxa3 12.d6 Bb2 13.dxc7 Qc8 14.Rb1 O-O 15.Rxb2 Qb7 16.Bxd7 Nxd7 17.Nb5 a6 18.c8=Q Raxc8 19.Nd6 Qc7 20.c4 Rcd8 21.d4 Nf6 22.Nf5 Qxf4 23.Ne7+ Kh8 24.Ne2 Bxe2 25.Kxe2 Qf3+ 26.Kf1 Qxh1+ 27.Ke2 Rxd4 28.Ke3 Rfd8 29.Nc6 Qc1+ 30.Ke2 Qxb2+ 31.Kf1 Rd2 32.Nxd8 Rxf2+ {White resigned} 0-1

[Event "www.ChessWorld.net server game"]
[Site "www.ChessWorld.net "]
[Date "2007.5.8"]
[Round "NA"]
[White "islandcowgirl"]
[Black "joselito"]
[Result "0-1"]
[Termination "White king mated"]
[WhiteElo "981"]
[BlackElo "1400"]
[Mode "ICS"]
[DateLastMove "2007.5.9"]
[Board "3691027"]

1.e4 e5 2.Nf3 Nc6 3.Bb5 Bb4 4.c3 Ba5 5.b4 Bb6 6.h4 Nf6 7.Nxe5 Nxe5 8.f4 Nd3+ 9.Ke2 Nxf4+ 10.Ke1 Qe7 11.g3 Nxe4 12.gxf4 Ng3+ 13.Qe2 Qxe2+ 14.Bxe2 Nxh1 15.Bf3 Ng3 16.a4 O-O 17.a5 Re8+ 18.Kd1 Bf2 19.Kc2 d5 20.d4 Bf5+ 21.Kb3 c6 22.c4 Bxd4 23.cxd5 Bxa1 24.dxc6 Re3+ 25.Bxe3 bxc6 26.Be4 Bxe4 27.Nd2 Re8 28.b5 Bd5+ 29.Nc4 cxb5 30.Kb4 bxc4 31.f5 Rxe3 32.Kb5 c3 33.Ka4 c2 34.a6 c1=Q 35.h5 Qc4+ 36.Ka5 Ra3+ {White king mated} 0-1

[Event "www.ChessWorld.net server game"]
[Site "www.ChessWorld.net "]
[Date "2007.5.9"]
[Round "NA"]
[White "rose01"]
[Black "joselito"]
[Result "0-1"]
[Termination "White king mated"]
[WhiteElo "1165"]
[BlackElo "1143"]
[Mode "ICS"]
[DateLastMove "2007.5.15"]
[Board "3692835"]

1.e4 e5 2.d3 Nf6 3.Nf3 Bc5 4.Nxe5 O-O 5.d4 Bb4+ 6.c3 Ba5 7.Bd3 d6 8.Nc4 Nc6 9.d5 b5 10.Nca3 Bb6 11.dxc6 Qe7 12.Nxb5 a6 13.Qa4 Qe8 14.O-O Qe7 15.N5a3 Ng4 16.Nc4 Qh4 17.Bf4 Bxf2+ 18.Kh1 Nxh2 19.Bxh2 Bg3 20.Rf2 Qxh2+ {White king mated} 0-1

[Event "www.ChessWorld.net server game"]
[Site "www.ChessWorld.net "]
[Date "2007.5.10"]
[Round "NA"]
[White "Foss"]
[Black "joselito"]
[Result "0-1"]
[Termination "White king mated"]
[WhiteElo "1075"]
[BlackElo "1141"]
[Mode "ICS"]
[DateLastMove "2007.5.14"]
[Board "3695666"]

1.e4 e5 2.Bc4 Qe7 3.g4 Nf6 4.f3 Nc6 5.g5 Nh5 6.Nh3 d6 7.f4 Bxh3 8.Qxh5 Be6 9.Bxe6 Qxe6 10.f5 Qc4 11.c3 Qxe4+ 12.Kd1 Qxh1+ 13.Kc2 O-O-O 14.f6 g6 15.Qh3+ Kb8 16.d4 exd4 17.Bf4 Na5 18.a4 Qe4+ 19.Kc1 d3 20.Bd2 Qh1+ 21.Be1 Qxe1+ {White king mated} 0-1

[Event "www.ChessWorld.net server game"]
[Site "www.ChessWorld.net "]
[Date "2007.5.10"]
[Round "NA"]
[White "JUNIOR"]
[Black "joselito"]
[Result "0-1"]
[Termination "White king mated"]
[WhiteElo "1308"]
[BlackElo "1260"]
[Mode "ICS"]
[DateLastMove "2007.6.11"]
[Board "3695668"]

1.e4 e5 2.Nf3 Nc6 3.Bc4 Qe7 4.d3 Nf6 5.Bg5 b6 6.Nh4 Bb7 7.c3 Na5 8.Bb5 Qe6 9.c4 Bb4+ 10.Nd2 h6 11.Be3 O-O 12.Nf5 Bxd2+ 13.Qxd2 g6 14.Bxh6 Rfe8 15.Qg5 c6 16.Qh4 Nh7 17.O-O cxb5 18.Ng7 Qe7 19.Qg4 Nf6 20.Qh3 Nh5 21.Nxh5 f6 22.Ng7 Rec8 23.cxb5 Rc2 24.Qg3 Qf7 25.Nf5 Rxb2 26.Nd6 Qh7 27.Qh3 Rb8 28.Rae1 Rxa2 29.Re3 Ba8 30.Rg3 Nb7 31.Qg4 Nxd6 32.Be3 Kg7 33.Qxd7+ Nf7 34.Qxa7 Rh8 35.Qxa2 Qxh2+ {White king mated} 0-1

[Event "www.ChessWorld.net server game"]
[Site "www.ChessWorld.net "]
[Date "2007.5.12"]
[Round "NA"]
[White "wackyjacky"]
[Black "joselito"]
[Result "0-1"]
[Termination "White king mated"]
[WhiteElo "1075"]
[BlackElo "1175"]
[Mode "ICS"]
[DateLastMove "2007.5.17"]
[Board "3702908"]

1.e4 Nc6 2.Bb5 Nf6 3.d3 e5 4.Bg5 Bb4+ 5.c3 Bc5 6.d4 Be7 7.f4 d6 8.Na3 a6 9.Bxc6+ bxc6 10.f5 Nxe4 11.Be3 Bh4+ 12.g3 Bf6 13.Nh3 Bxf5 14.g4 Bg6 15.g5 Bxg5 16.Rf1 Bh4+ 17.Nf2 Bxf2+ 18.Bxf2 Nxf2 19.Rxf2 O-O 20.d5 cxd5 21.b4 a5 22.b5 Qh4 23.Qd2 Qe4+ 24.Kf1 Qh1+ 25.Ke2 Qxa1 26.Rg2 Bh5+ 27.Kf2 d4 28.cxd4 exd4 29.Nc2 Qxa2 30.Ke1 Rae8+ 31.Kf2 Qb3 32.Qxd4 Qxc2+ 33.Kg3 Qg6+ 34.Kf2 Qf5+ 35.Kg3 Qf3+ 36.Kh4 Qxg2 37.Kxh5 Re1 38.h4 Rf1 39.Qd3 Rg1 40.Qf5 g6+ 41.Kh6 gxf5 42.h5 Qg7+ {White king mated} 0-1

[Event "www.ChessWorld.net server game"]
[Site "www.ChessWorld.net "]
[Date "2007.5.12"]
[Round "NA"]
[White "Stirromack"]
[Black "joselito"]
[Result "0-1"]
[Termination "White resigned"]
[WhiteElo "903"]
[BlackElo "1275"]
[Mode "ICS"]
[DateLastMove "2007.5.23"]
[Board "3702910"]

1.e4 e5 2.Nf3 Nc6 3.c3 Bc5 4.d4 exd4 5.cxd4 Bb4+ 6.Nbd2 Nf6 7.a3 Bxd2+ 8.Qxd2 O-O 9.Bc4 Qe7 10.e5 Ne4 11.Qe3 d5 12.Bxd5 Bf5 13.O-O h6 14.b4 Ng5 15.Nxg5 hxg5 16.f4 gxf4 17.Qxf4 Bg6 18.Bd2 Bd3 19.Rf3 Bg6 20.a4 Rad8 21.b5 Rxd5 22.Re1 Rxd4 23.bxc6 Rxf4 24.Bxf4 Qc5+ {White resigned} 0-1

[Event "www.ChessWorld.net server game"]
[Site "www.ChessWorld.net "]
[Date "2007.5.13"]
[Round "NA"]
[White "quinner"]
[Black "joselito"]
[Result "0-1"]
[Termination "White king mated"]
[WhiteElo "1184"]
[BlackElo "1178"]
[Mode "ICS"]
[DateLastMove "2007.5.15"]
[Board "3706494"]

1.e4 e5 2.Nf3 Nc6 3.Nc3 Nf6 4.d3 Bb4 5.a3 Bxc3+ 6.bxc3 O-O 7.Ng5 Qe7 8.d4 exd4 9.c4 Nxe4 10.Bd3 Nxg5+ 11.Kf1 Ne5 12.Qe1 Qf6 13.a4 Ng4 14.h3 Ne5 15.f4 Nxd3 16.cxd3 Ne6 17.g3 b6 18.Ba3 Nc5 19.Qf2 Bb7 20.Rg1 Rfe8 21.a5 Nxd3 22.Qd2 Re1+ 23.Rxe1 Nxe1 24.Qxe1 d3 25.Bb4 Qc6 26.Rg2 Qxg2+ {White king mated} 0-1

[Event "www.ChessWorld.net server game"]
[Site "www.ChessWorld.net "]
[Date "2007.5.15"]
[Round "NA"]
[White "aljanter"]
[Black "joselito"]
[Result "0-1"]
[Termination "White resigned"]
[WhiteElo "1324"]
[BlackElo "1246"]
[Mode "ICS"]
[DateLastMove "2007.5.21"]
[Board "3713951"]

1.e4 Nc6 2.c3 e5 3.Nf3 Bc5 4.Be2 Nf6 5.O-O O-O 6.d3 d5 7.d4 exd4 8.Bg5 dxe4 9.Nh4 dxc3 10.bxc3 h6 11.Be3 Nd7 12.Bf4 Qxh4 13.Qd5 Bd6 14.Bg3 Bxg3 15.fxg3 Qg5 16.Bc4 Qe3+ 17.Rf2 Nf6 18.Qd2 Qc5 19.Qf4 e3 20.Re2 Ne5 21.Na3 Nd3 22.Qxe3 Qxe3+ 23.Rxe3 Nc5 24.Nb5 Ng4 25.Rf3 Ne5 26.Rd3 Ncxd3 27.Bd5 Re8 28.Nxc7 Be6 29.Bxb7 Rab8 30.Nxe8 Rxb7 31.h4 Rb2 32.Nd6 Bd5 33.Rf1 Rxg2+ 34.Kh1 Nf2+ 35.Rxf2 Rxf2+ 36.Kg1 Rxa2 {White resigned} 0-1

[Event "www.ChessWorld.net server game"]
[Site "www.ChessWorld.net "]
[Date "2007.5.15"]
[Round "NA"]
[White "knight shade"]
[Black "joselito"]
[Result "0-1"]
[Termination "White king mated"]
[WhiteElo "1124"]
[BlackElo "1225"]
[Mode "ICS"]
[DateLastMove "2007.5.20"]
[Board "3714299"]

1.e4 e5 2.d3 Nf6 3.Nf3 c5 4.c4 d6 5.Nc3 Be7 6.Nd5 Nxd5 7.cxd5 Nd7 8.Be2 Nf6 9.O-O O-O 10.h3 b5 11.Be3 Bd7 12.Qc1 b4 13.b3 a5 14.d4 cxd4 15.Bg5 Nxe4 16.Bxe7 Qxe7 17.Qc2 Nf6 18.Bd3 a4 19.bxa4 Bxa4 20.Qc6 Bxc6 21.dxc6 e4 22.Bb5 exf3 23.g4 Rab8 24.a4 Nd5 25.Rfe1 Qh4 26.Be2 Qxh3 27.Bxf3 Qxf3 28.a5 Nf4 29.Re8 Qg2+ {White king mated} 0-1

[Event "www.ChessWorld.net server game"]
[Site "www.ChessWorld.net "]
[Date "2007.5.18"]
[Round "NA"]
[White "tiger266467"]
[Black "joselito"]
[Result "0-1"]
[Termination "White resigned"]
[WhiteElo "1344"]
[BlackElo "1294"]
[Mode "ICS"]
[DateLastMove "2007.5.24"]
[Board "3724623"]

1.e4 e5 2.Nf3 Nc6 3.Bb5 Bc5 4.O-O Nf6 5.Bxc6 dxc6 6.Re1 O-O 7.Nxe5 Qe7 8.d4 Bd6 9.Bf4 c5 10.d5 Bxe5 11.Bxe5 Qxe5 12.Nc3 Qg5 13.d6 Bh3 14.g3 cxd6 15.Qxd6 Qg4 16.Rad1 Qf3 {White resigned} 0-1

[Event "www.ChessWorld.net server game"]
[Site "www.ChessWorld.net "]
[Date "2007.5.19"]
[Round "NA"]
[White "PouncingMel"]
[Black "joselito"]
[Result "0-1"]
[Termination "White resigned"]
[WhiteElo "902"]
[BlackElo "1273"]
[Mode "ICS"]
[DateLastMove "2007.5.24"]
[Board "3726303"]

1.d4 Nf6 2.e3 e6 3.h3 Bb4+ 4.c3 Ba5 5.b4 Bb6 6.Nf3 O-O 7.Nbd2 a5 8.bxa5 Bxa5 9.Ba3 Re8 10.Nc4 Bxc3+ 11.Ke2 Bxa1 12.Qxa1 d5 13.Nce5 c6 14.g4 c5 15.Bxc5 Qa5 16.a3 Ne4 17.Bb4 Qb5+ 18.Kd1 Nxf2+ 19.Kc1 Qa4 20.Bb5 Qxb5 21.Re1 Nd3+ 22.Nxd3 Qc4+ 23.Bc3 Qxd3 24.Ne5 Qa6 25.Kc2 Nc6 26.Nxc6 bxc6 27.Rb1 Qa4+ 28.Kd3 Ba6+ 29.Kd2 Qc4 30.Qb2 Qd3+ 31.Kc1 Qxe3+ 32.Kc2 Bd3+ 33.Kb3 {White resigned} 0-1

[Event "www.ChessWorld.net server game"]
[Site "www.ChessWorld.net "]
[Date "2007.5.19"]
[Round "NA"]
[White "BlueNick"]
[Black "joselito"]
[Result "0-1"]
[Termination "White king mated"]
[WhiteElo "1820"]
[BlackElo "1194"]
[Mode "ICS"]
[DateLastMove "2007.5.20"]
[Board "3726309"]

1.d4 d5 2.c4 e5 3.cxd5 e4 4.Nc3 Bb4 5.Qa4+ c6 6.Qxb4 Na6 7.Qb3 Nf6 8.Bg5 O-O 9.Nxe4 cxd5 10.Nxf6+ gxf6 11.Bh4 Re8 12.Qg3+ Kf8 13.Qf4 Qa5+ 14.Kd1 Re6 15.e3 Bd7 16.Ne2 Ba4+ 17.Kc1 Qe1+ {White king mated} 0-1

[Event "www.ChessWorld.net server game"]
[Site "www.ChessWorld.net "]
[Date "2007.5.21"]
[Round "NA"]
[White "shotduck"]
[Black "joselito"]
[Result "0-1"]
[Termination "White king mated"]
[WhiteElo "1346"]
[BlackElo "1206"]
[Mode "ICS"]
[DateLastMove "2007.6.5"]
[Board "3733372"]

1.d4 Nf6 2.c4 e6 3.Qa4 Bd6 4.a3 Ng4 5.Nf3 O-O 6.c5 Be7 7.h3 Nf6 8.Nh4 d6 9.Be3 Bd7 10.Qb4 Nc6 11.Qxb7 dxc5 12.dxc5 Na5 13.Qb4 c6 14.Nc3 Nh5 15.g4 Rb8 16.Qe4 Nf6 17.Qf4 Rxb2 18.Rb1 Rxb1+ 19.Nxb1 Nd5 20.Qe5 Bxh4 21.Bg2 Nxe3 22.Qxe3 Nc4 23.Qc3 Nd6 24.cxd6 c5 25.Qxc5 Ba4 26.O-O Qb8 27.Nc3 Bd7 28.Ne4 Qb2 29.Bf3 Ba4 30.Qxa7 Qxa3 31.e3 Qb4 32.Nc5 Bb5 33.Nd7 Bxf1 34.Kxf1 Qb2 35.e4 Bxf2 36.Qxf2 Qb5+ 37.Be2 Qxd7 38.e5 Rb8 39.g5 Rb1+ 40.Kg2 f6 41.gxf6 gxf6 42.Qg3+ Kf7 43.Bh5+ Kf8 44.exf6 Qc6+ 45.Bf3 Rb2+ 46.Kf1 Qc4+ 47.Ke1 Qc1+ 48.Bd1 Qd2+ 49.Kf1 Qxd1+ 50.Qe1 Qxd6 51.Qe3 Qd1+ 52.Qe1 Qf3+ 53.Qf2 Qxf2+ {White king mated} 0-1

[Event "www.ChessWorld.net server game"]
[Site "www.ChessWorld.net "]
[Date "2007.5.21"]
[Round "NA"]
[White "knight shade"]
[Black "joselito"]
[Result "0-1"]
[Termination "White king mated"]
[WhiteElo "1083"]
[BlackElo "1231"]
[Mode "ICS"]
[DateLastMove "2007.6.6"]
[Board "3735154"]

1.e4 e5 2.d3 Nf6 3.Nf3 Nc6 4.c4 Bb4+ 5.Bd2 Bxd2+ 6.Qxd2 O-O 7.Nc3 d6 8.Qe3 Be6 9.h3 Nb4 10.Qd2 c6 11.a3 Na6 12.Be2 Nc5 13.O-O Nb3 14.Qc2 Nxa1 15.Rxa1 b5 16.cxb5 cxb5 17.Nxb5 Bd7 18.Nc7 Qc8 19.Rc1 Rb8 20.Nd5 Nxd5 21.exd5 Qb7 22.b4 Qxd5 23.Qc7 Qa2 24.Qxd7 Qxe2 25.Qxd6 Rbc8 26.Rxc8 Rxc8 27.Qxe5 Qxd3 28.a4 Rc1+ 29.Kh2 h6 30.Qb8+ Kh7 31.Qxa7 Qd6+ 32.g3 Qd1 33.Ng1 Qxg1+ {White king mated} 0-1

[Event "www.ChessWorld.net server game"]
[Site "www.ChessWorld.net "]
[Date "2007.5.29"]
[Round "NA"]
[White "wptiger"]
[Black "joselito"]
[Result "0-1"]
[Termination "White king mated"]
[WhiteElo "1134"]
[BlackElo "1377"]
[Mode "ICS"]
[DateLastMove "2007.6.19"]
[Board "3760312"]

1.e4 e5 2.Nf3 Nc6 3.d4 d5 4.Bd3 dxe4 5.Bxe4 Nf6 6.Bg5 Bb4+ 7.c3 Bd6 8.Nbd2 O-O 9.O-O exd4 10.cxd4 Bb4 11.a3 Ba5 12.Nc4 Qe8 13.b4 Qxe4 14.Re1 Qd5 15.Nxa5 Nxa5 16.bxa5 Bg4 17.h3 Bxf3 18.gxf3 Qxg5+ 19.Kf1 Qh4 20.Rc1 Nd5 21.Rc5 Nf4 22.Re4 Qxh3+ 23.Ke1 Ng2+ 24.Ke2 f5 25.Re7 Rae8 26.Rxc7 Nf4+ 27.Kd2 Rxe7 28.Rxe7 Qh6 29.Kc2 Qa6 30.Qg1 Qd3+ 31.Kb2 Ng6 32.Re3 Qxd4+ 33.Kc2 Rc8+ 34.Kb3 Qc4+ 35.Kb2 Qc2+ 36.Ka1 b5 37.Qe1 h5 38.Re8+ Rxe8 39.Qxe8+ Kh7 40.Qxb5 h4 41.Qf1 Ne5 42.Qh3 Nd3 43.Qxh4+ Kg8 44.Qd8+ Kh7 45.Qg5 Qb2+ {White king mated} 0-1

[Event "www.ChessWorld.net server game"]
[Site "www.ChessWorld.net "]
[Date "2007.5.29"]
[Round "NA"]
[White "Ed24426"]
[Black "joselito"]
[Result "0-1"]
[Termination "White king mated"]
[WhiteElo "1417"]
[BlackElo "1379"]
[Mode "ICS"]
[DateLastMove "2007.9.15"]
[Board "3760344"]

1.e4 e5 2.Nf3 Nc6 3.Nc3 Bc5 4.Bb5 Nf6 5.h3 O-O 6.d3 Nb4 7.a3 Na6 8.b4 Bb6 9.Bg5 c5 10.bxc5 Nxc5 11.d4 Qc7 12.Nxe5 a6 13.Bc4 Ncxe4 14.Nxe4 Nxe4 15.Bf4 Nc3 16.Qd2 Ne4 17.Qe3 Nf6 18.Bd3 d6 19.Nc4 Re8 20.Ne5 dxe5 21.Bxe5 Ba5+ 22.Kd1 Qc3 23.Qc1 Bd7 24.Rb1 Bb5 25.Bxb5 axb5 26.Qb2 Qd2+ {White king mated} 0-1

[Event "www.ChessWorld.net server game"]
[Site "www.ChessWorld.net "]
[Date "2007.5.29"]
[Round "NA"]
[White "marysson"]
[Black "joselito"]
[Result "0-1"]
[Termination "White resigned"]
[WhiteElo "871"]
[BlackElo "1267"]
[Mode "ICS"]
[DateLastMove "2007.5.30"]
[Board "3760377"]

1.b4 e5 2.a3 Nf6 3.d4 Bd6 4.Bb2 Qe7 5.e3 b6 6.Bd3 Bb7 7.f3 exd4 8.Bxd4 Nc6 9.Qd2 Nxd4 10.Ne2 Nxe2 11.Bxe2 O-O 12.c3 a5 13.b5 c6 14.c4 Bc5 15.e4 cxb5 16.g4 bxc4 17.Bxc4 Ba6 18.Bxa6 Rxa6 19.Nc3 Bxa3 20.O-O Bc5+ 21.Kg2 Qe5 22.Nb5 Bb4 23.Qd4 Qxb5 24.g5 Qxg5+ 25.Kh1 Bc5 26.Rg1 Bxd4 {White resigned} 0-1

[Event "www.ChessWorld.net server game"]
[Site "www.ChessWorld.net "]
[Date "2007.5.29"]
[Round "NA"]
[White "wptiger"]
[Black "joselito"]
[Result "0-1"]
[Termination "White resigned"]
[WhiteElo "1152"]
[BlackElo "1203"]
[Mode "ICS"]
[DateLastMove "2007.6.8"]
[Board "3760383"]

1.Nf3 Nc6 2.e4 e5 3.d4 Bb4+ 4.c3 Bd6 5.dxe5 Nxe5 6.Nxe5 Bxe5 7.f4 Bd6 8.e5 Bc5 9.Nd2 Qh4+ 10.g3 Qe7 11.b4 Bb6 12.Nc4 Nh6 13.Be3 O-O 14.Nxb6 axb6 15.g4 d6 16.Qe2 dxe5 17.fxe5 Qxe5 18.Bd4 Qd5 19.Bg2 Qe6 20.Bf3 Qxe2+ 21.Bxe2 Bxg4 22.Bxg4 Nxg4 23.O-O-O Rxa2 24.Rd2 Ra1+ 25.Kc2 Rxh1 26.c4 h6 27.c5 bxc5 28.Bxc5 Ra8 29.Bd4 Nxh2 30.Rg2 Ra2+ {White resigned} 0-1

[Event "www.ChessWorld.net server game"]
[Site "www.ChessWorld.net "]
[Date "2007.5.29"]
[Round "NA"]
[White "birchy123"]
[Black "joselito"]
[Result "0-1"]
[Termination "White resigned"]
[WhiteElo "1442"]
[BlackElo "1268"]
[Mode "ICS"]
[DateLastMove "2007.6.12"]
[Board "3761506"]

1.e4 e5 2.Nc3 Nf6 3.Bc4 Bb4 4.Qf3 O-O 5.a3 Bxc3 6.Qxc3 Nxe4 7.Qxe5 Nf6 8.Ne2 Nc6 9.Qc3 Ne7 10.d3 b6 11.O-O Bb7 12.Bg5 Nf5 13.Bxf6 gxf6 14.d4 Ng7 15.Rad1 f5 16.d5 Qg5 17.g3 d6 18.b4 c6 19.dxc6 Bxc6 20.Bd5 Bxd5 21.Rxd5 Rae8 22.h4 Qg4 23.f3 Qh3 24.Re1 Nh5 25.f4 Re6 26.Qc7 Rfe8 27.Qc4 Nxg3 28.Kf2 Nh1+ 29.Kg1 Re3 30.Rxd6 Qf3 31.Rf1 Qh3 32.Rd7 Rf8 33.Rd3 Rfe8 34.Qc3 Ng3 35.Nxg3 Qxg3+ 36.Kh1 Qh3+ 37.Kg1 Qg4+ 38.Kh1 Qe2 39.Rg1+ Kf8 40.Rxe3 Rxe3 41.Qg7+ Ke7 42.Qg2 Qxg2+ 43.Rxg2 Rh3+ 44.Rh2 Rxa3 45.Kg2 Kd6 46.Kf1 Rf3+ 47.Ke1 Rxf4 48.c3 Kd5 49.Kd2 a6 50.Rh3 a5 51.bxa5 bxa5 52.Kc2 Kc4 53.Rh2 Rf3 54.Rh1 {White resigned} 0-1

[Event "www.ChessWorld.net server game"]
[Site "www.ChessWorld.net "]
[Date "2007.5.31"]
[Round "NA"]
[White "cosey"]
[Black "joselito"]
[Result "0-1"]
[Termination "White resigned"]
[WhiteElo "1300"]
[BlackElo "1369"]
[Mode "ICS"]
[DateLastMove "2007.6.19"]
[Board "3768080"]

1.e4 e5 2.Nf3 Nc6 3.Nc3 Bb4 4.a3 Bxc3 5.bxc3 Nf6 6.Qe2 O-O 7.d3 d6 8.Bb2 b6 9.g3 Bb7 10.Bg2 Ne7 11.c4 c6 12.O-O d5 13.exd5 cxd5 14.Bxe5 Ng6 15.cxd5 Bxd5 16.c4 Bxf3 17.Bxf3 Rc8 18.Bxf6 gxf6 19.Be4 a5 20.a4 Qd7 21.Qf3 Qh3 22.Bf5 Qh6 23.Rab1 Rc5 24.Bxg6 fxg6 25.Rxb6 Rh5 26.h4 g5 27.Kg2 gxh4 28.Qg4+ Kh8 29.Rh1 Rg8 30.Qf3 Rxg3+ 31.fxg3 h3+ 32.Kh2 Qd2+ 33.Kg1 h2+ 34.Kf1 Qc1+ 35.Kf2 Qd2+ 36.Qe2 Rf5+ 37.Kg2 Qxe2+ {White resigned} 0-1

[Event "www.ChessWorld.net server game"]
[Site "www.ChessWorld.net "]
[Date "2007.6.9"]
[Round "NA"]
[White "novice1234"]
[Black "joselito"]
[Result "0-1"]
[Termination "White king mated"]
[WhiteElo "1207"]
[BlackElo "1435"]
[Mode "ICS"]
[DateLastMove "2007.9.3"]
[Board "3801026"]

1.e4 e5 2.Nf3 Nc6 3.a3 Bc5 4.Bc4 Nf6 5.d3 Ng4 6.Bg5 Ne7 7.Rf1 Nxf2 8.Rxf2 Bxf2+ 9.Kxf2 f6 10.Be3 b6 11.a4 Bb7 12.b3 c6 13.Kg1 d5 14.exd5 cxd5 15.Bb5+ Bc6 16.Ba6 O-O 17.d4 exd4 18.Nxd4 Bd7 19.Nc3 f5 20.Bg5 h6 21.Bf4 g5 22.Bd6 Rf6 23.Be5 Rf8 24.Qh5 Qe8 25.Qxh6 Qg6 26.Qxg6+ Nxg6 27.Bd6 Rf6 28.Bg3 f4 29.Nxd5 Rd6 30.Bc4 fxg3 31.hxg3 Be6 32.Rd1 Bxd5 33.Nf5 Bxc4 34.Rxd6 Bf7 35.Nh6+ Kf8 36.c3 Bxb3 37.Rxg6 Re8 38.Rxg5 Bxa4 39.Rg4 Bb3 40.Rf4+ Kg7 41.Ng4 a5 42.Nf6 Re1+ 43.Kh2 a4 44.Nh5+ Kg6 45.g4 a3 46.Rb4 a2 47.Rxb3 a1=Q 48.Rxb6+ Kg5 49.Kh3 Qxc3+ 50.Kh2 Qe5+ 51.Kh3 Rh1+ {White king mated} 0-1

[Event "www.ChessWorld.net server game"]
[Site "www.ChessWorld.net "]
[Date "2007.6.10"]
[Round "NA"]
[White "ray9"]
[Black "joselito"]
[Result "0-1"]
[Termination "White resigned"]
[WhiteElo "1303"]
[BlackElo "1357"]
[Mode "ICS"]
[DateLastMove "2007.7.23"]
[Board "3805434"]

1.e4 e5 2.Nf3 Nc6 3.Bc4 Nf6 4.Ng5 d5 5.exd5 Nxd5 6.Qf3 Qd7 7.Nc3 f6 8.Nge4 Nxc3 9.dxc3 b6 10.Be3 Bb7 11.O-O O-O-O 12.Rfd1 Qe7 13.Rd2 h5 14.Rad1 Na5 15.Qf5+ Kb8 16.Rd7 Rxd7 17.Rxd7 Bxe4 18.Rxe7 Bxf5 19.Re8+ Bc8 20.Bd5 c6 21.Be6 Nb7 22.Bxc8 Nd6 23.Re6 Kxc8 24.b4 Kd7 25.Rxd6+ Kxd6 26.c4 Ke6 27.b5 Bc5 28.Bd2 Rd8 29.Be1 Rd1 30.Kf1 Bb4 31.Ke2 Rb1 32.bxc6 Rxe1+ 33.Kf3 Kd6 34.c7 Kxc7 35.g4 hxg4+ 36.Kxg4 Ra1 37.h4 Rxa2 38.Kh5 Rxc2 39.Kg6 Rxf2 40.h5 e4 41.Kxg7 e3 42.h6 Rh2 43.h7 e2 44.h8=Q Rxh8 45.Kxh8 e1=Q 46.Kg7 Kd7 47.Kxf6 a5 48.Kf5 {White resigned} 0-1